Výskumné projekty na Katedre matematiky v súčasnosti
Gespeichert in:
| 1. Verfasser: | |
|---|---|
| Format: | Buchkapitel |
| Sprache: | Slowakisch |
| Schlagworte: | |
| Tags: |
Keine Tags, Fügen Sie das erste Tag hinzu!
|
MARC
| LEADER | 00000naa$a2200000$$$4500 | ||
|---|---|---|---|
| 001 | 0067117 | ||
| 005 | 20240502071813.4 | ||
| 041 | 0 | |a slo | |
| 044 | |a SK | ||
| 245 | 1 | 0 | |a Výskumné projekty na Katedre matematiky v súčasnosti |c František Peller |
| 500 | |a Abstrakt | ||
| 610 | 2 | 0 | |a poistenie dôchodkové |
| 610 | 2 | 0 | |a poistenie sociálne |
| 610 | 2 | 0 | |a poisťovníctvo |
| 610 | 2 | 0 | |a projekty |
| 610 | 2 | 0 | |a metódy aktuárske |
| 610 | 2 | 0 | |a výskum |
| 100 | 1 | |a Peller, František | |